[Event "Mondiale Lampo FIDE 2017"]
[Site "Riyadh"]
[Date "29.12.2017"]
[Round "4.69"]
[White "Al Saidi, Mohammed Khalfan"]
[Black "Bukannan, Ahmed A"]
[Result "0-1"]
[WhiteElo "1468"]
[BlackElo "1929"]
[WhiteFideId "22001271"]
[BlackFideId "21504164"]
[EventDate "2017.12.29"]

1. d4 b6 2. e4 Bb7 3. Bd3 e6 4. Nf3 Nf6 5. Qe2 d5 6. e5 Nfd7 7. O-O c5 8. c3 Nc6
9. Re1 Be7 10. Nbd2 Nf8 11. Nf1 Ng6 12. Bd2 Rc8 13. Rac1 O-O 14. Ng3 Na5 15. b3
Nc6 16. a4 Na5 17. Rb1 Nxb3 18. Rxb3 c4 19. Bxg6 cxb3 20. Bb1 Qd7 21. Qd3 g6 22.
Nh5 Qd8 23. Bh6 Re8 24. Ng7 Rf8 25. Qe3 Bc6 26. Ng5 Bxa4 27. Nxh7 Kxh7 28. Qh3
Rh8 29. Nxe6 fxe6 30. Bg5+ Kg7 31. Qxe6 Bxg5 32. Qxg6+ Kf8 33. Re3 Bxe3 34. fxe3
Rc7 35. e6 Rg8 36. Qh6+ Rcg7 0-1

[Event "Mondiale Lampo FIDE 2017"]
[Site "Riyadh"]
[Date "29.12.2017"]
[Round "5.1"]
[White "Carlsen, Magnus"]
[Black "Akobian, Varuzhan"]
[Result "1-0"]
[WhiteTitle "GM"]
[BlackTitle "GM"]
[WhiteElo "2837"]
[BlackElo "2647"]
[WhiteFideId "1503014"]
[BlackFideId "13300580"]
[EventDate "2017.12.29"]

1. d4 Nf6 2. Bf4 e6 3. e3 c5 4. c3 b6 5. Nf3 Be7 6. h3 O-O 7. Nbd2 cxd4 8. exd4
Bb7 9. Bd3 d6 10. O-O Nbd7 11. Qe2 a6 12. a4 Re8 13. Bh2 h6 14. Rfe1 Bf8 15. Nc4
Qc7 16. Ne3 Nd5 17. Nxd5 Bxd5 18. Bxa6 Bxf3 19. gxf3 Nf6 20. Bb5 Rec8 21. c4 Qb7
22. b4 g6 23. a5 bxa5 24. bxa5 Qa7 25. Qe3 Rd8 26. a6 Bg7 27. d5 exd5 28. Bc6
dxc4 29. Bxa8 Qxa8 30. Ra5 d5 31. Qb6 d4 32. a7 Rc8 33. Qb8 c3 34. Qxc8+ Qxc8 1-0

[Event "Mondiale Lampo FIDE 2017"]
[Site "Riyadh"]
[Date "29.12.2017"]
[Round "5.2"]
[White "Sjugirov, Sanan"]
[Black "Amin, Bassem"]
[Result "1/2-1/2"]
[WhiteTitle "GM"]
[BlackTitle "GM"]
[WhiteElo "2650"]
[BlackElo "2689"]
[WhiteFideId "4189302"]
[BlackFideId "10601457"]
[EventDate "2017.12.29"]

1. Nf3 Nf6 2. g3 g6 3. b3 Bg7 4. Bb2 c5 5. c4 d6 6. d4 Ne4 7. Nbd2 Qa5 8. Qc1
Nxd2 9. Qxd2 Qxd2+ 10. Kxd2 Nc6 11. e3 Bg4 12. Bg2 O-O-O 13. Kc1 Nb4 14. Rd1
cxd4 15. Bxd4 Bxd4 16. Rxd4 Bf5 17. Ne1 h5 18. h4 Nc6 19. Rd2 Ne5 20. Kb2 Kb8
21. Rad1 Rc8 22. Nc2 Bg4 23. Rc1 Bf3 24. Bxf3 Nxf3 25. Rd5 Ne5 26. Rcd1 Ng4 27.
R1d2 Nf6 28. R5d4 Rc5 29. Rf4 a6 30. Nb4 Rhc8 31. Nd5 Nxd5 32. Rxd5 Rxd5 33.
cxd5 Rf8 34. Rc4 Rc8 35. Rxc8+ Kxc8 36. Kc3 Kc7 37. b4 b5 38. Kd4 Kd7 39. Ke4
Ke8 40. Kf4 Kf8 41. f3 Kg7 42. g4 hxg4 43. fxg4 f6 44. e4 Kh6 45. Kg3 g5 46. h5
Kh7 1/2-1/2

[Event "Mondiale Lampo FIDE 2017"]
[Site "Riyadh"]
[Date "29.12.2017"]
[Round "5.3"]
[White "Korobov, Anton"]
[Black "Bacrot, Etienne"]
[Result "1/2-1/2"]
[WhiteTitle "GM"]
[BlackTitle "GM"]
[WhiteElo "2652"]
[BlackElo "2725"]
[WhiteFideId "14105730"]
[BlackFideId "605506"]
[EventDate "2017.12.29"]

1. d4 d5 2. c4 e6 3. Nc3 Be7 4. cxd5 exd5 5. Bf4 c6 6. Qc2 Nf6 7. h3 Qa5 8. e3
Ne4 9. Bd3 Bf5 10. Nf3 Nxc3 11. bxc3 Bxd3 12. Qxd3 Qa6 13. Ke2 Qxd3+ 14. Kxd3
Nd7 15. a4 b6 16. Rhb1 O-O-O 17. Ne5 Nxe5+ 18. Bxe5 f6 19. Bg3 Bd6 20. Bxd6 Rxd6
21. c4 dxc4+ 22. Kxc4 Re8 23. Ra3 Kb7 24. g4 c5 25. dxc5 Rc8 26. Rc3 Rxc5+ 27.
Kb3 Rxc3+ 28. Kxc3 Kc6 29. Rb4 Rd5 30. f4 h5 31. Re4 hxg4 32. hxg4 Rd7 33. Kc4
a6 34. Re6+ Rd6 35. Re7 Rd7 36. Re8 Rd1 37. Rc8+ Kb7 38. Rg8 Rd7 39. e4 Kc6 40.
Rc8+ Kb7 41. Re8 Kc6 42. Re6+ Rd6 43. Re7 b5+ 44. axb5+ axb5+ 45. Kc3 Rd7 46.
Re8 Kc5 47. Rc8+ Kb6 48. Re8 Kc5 49. e5 b4+ 50. Kc2 fxe5 51. fxe5 Kc4 52. e6 b3+
53. Kc1 Rc7 54. Kb2 Kd5 55. Kxb3 Kd6 56. g5 Rc5 57. g6 Rg5 58. Kc4 Rxg6 59. Kd4
Rxe6 60. Ra8 Ke7 61. Ra1 g5 62. Rg1 Kf6 63. Rf1+ Kg6 64. Rg1 Re8 65. Kd3 Re7 66.
Kd4 Re2 67. Kd3 Re6 68. Kd4 Kh5 69. Rh1+ Kg4 70. Rg1+ Kf5 71. Rf1+ Kg6 72. Rg1
Re8 73. Kd3 Re7 74. Kd4 Re2 75. Kd3 Rh2 76. Ke3 Kh5 77. Kf3 Rh3+ 78. Kg2 Ra3 79.
Rb1 Kh4 80. Rb4+ g4 81. Rb8 Ra2+ 82. Kg1 Kh3 83. Rb3+ g3 84. Rb1 1/2-1/2

[Event "Mondiale Lampo FIDE 2017"]
[Site "Riyadh"]
[Date "29.12.2017"]
[Round "5.8"]
[White "Sargissian, Gabriel"]
[Black "Kasimdzhanov, Rustam"]
[Result "1/2-1/2"]
[WhiteTitle "GM"]
[BlackTitle "GM"]
[WhiteElo "2672"]
[BlackElo "2683"]
[WhiteFideId "13300881"]
[BlackFideId "14200244"]
[EventDate "2017.12.29"]

1. d4 Nf6 2. Nf3 e6 3. c4 d5 4. g3 Be7 5. Bg2 O-O 6. O-O dxc4 7. Qc2 a6 8. a4
Bd7 9. Qxc4 Bc6 10. Bf4 Bd6 11. Qc1 h6 12. Nc3 Ne4 13. a5 Nd7 14. Rd1 Qe7 15.
Qc2 Nxc3 16. bxc3 Bxf4 17. gxf4 Nf6 18. e3 Be4 19. Qb2 c5 20. Ne5 Bxg2 21. Kxg2
Rac8 22. Nd3 cxd4 23. cxd4 Rc7 24. Rac1 Ne4 25. Rxc7 Qxc7 26. Rc1 Qxa5 27. Qxb7
Nd6 28. Qc6 Nf5 29. Ne5 Qd2 30. Qc3 Qe2 31. Qd3 Qb2 32. Rb1 Qa2 33. Rb3 Nh4+ 34.
Kg3 Nf5+ 35. Kg2 Nh4+ 36. Kg3 Nf5+ 37. Kg2 1/2-1/2

[Event "Mondiale Lampo FIDE 2017"]
[Site "Riyadh"]
[Date "29.12.2017"]
[Round "5.9"]
[White "Grischuk, Alexander"]
[Black "Fedoseev, Vladimir3"]
[Result "1/2-1/2"]
[WhiteTitle "GM"]
[BlackTitle "GM"]
[WhiteElo "2772"]
[BlackElo "2718"]
[WhiteFideId "4126025"]
[BlackFideId "24130737"]
[EventDate "2017.12.29"]

1. Nf3 Nf6 2. b3 g6 3. Bb2 Bg7 4. g3 b6 5. Bg2 Bb7 6. O-O O-O 7. c4 c5 8. Nc3 e6
9. d4 cxd4 10. Qxd4 Nc6 11. Qd2 Ne7 12. Rfd1 d5 13. cxd5 Nexd5 14. Rac1 Rc8 15.
Nxd5 Qxd5 16. Qf4 Rxc1 17. Qxc1 Qa5 18. Qa1 Bxf3 19. Bxf3 Nh5 20. Rd7 Bxb2 21.
Qxb2 Ng7 22. b4 Qa4 23. Rc7 Nf5 24. Kg2 a5 25. bxa5 bxa5 26. Ra7 Nd4 27. Qb6 1/2-1/2

[Event "Mondiale Lampo FIDE 2017"]
[Site "Riyadh"]
[Date "29.12.2017"]
[Round "5.10"]
[White "Zhigalko, Sergei"]
[Black "Petrosian, Tigran L."]
[Result "0-1"]
[WhiteTitle "GM"]
[BlackTitle "GM"]
[WhiteElo "2641"]
[BlackElo "2601"]
[WhiteFideId "13502956"]
[BlackFideId "13301616"]
[EventDate "2017.12.29"]

1. e4 d6 2. d4 Nf6 3. Nc3 c6 4. Nf3 Qa5 5. Bd3 e5 6. O-O Be7 7. Bd2 Qc7 8. h3
O-O 9. a4 a5 10. Re1 h6 11. Ne2 Re8 12. Ng3 Bf8 13. c3 Be6 14. Qc2 Nbd7 15. Rad1
Qb6 16. Ra1 Bb3 17. Qc1 Be6 18. Be3 Qc7 19. Qc2 Rad8 20. Rad1 g6 21. Qc1 Kh7 22.
Bc2 Bg7 23. b3 Nf8 24. c4 Bc8 25. d5 N8d7 26. Qd2 Nc5 27. Qc3 Na6 28. Qd2 Nc5
29. Qc3 Nfd7 30. Qd2 Nf6 31. Rc1 Qb6 32. Rb1 Nfd7 33. Red1 Nb8 34. Ne1 Qc7 35.
Nd3 Nba6 36. Nxc5 Nxc5 37. Qc3 Na6 38. Qd2 Nb4 39. Bd3 Rf8 40. Rbc1 Nxd3 41.
Qxd3 c5 42. f4 f5 43. exf5 Bxf5 44. Nxf5 Rxf5 45. Rf1 Qe7 46. g4 exf4 47. gxf5
fxe3 48. fxg6+ Kg8 49. Rf5 e2 50. Re1 Re8 51. Kg2 Bd4 52. Qf3 Qh4 53. Rh5 Qe7
54. Rf5 Qe3 55. Qxe3 Rxe3 56. Rf3 Re8 57. h4 h5 58. Rf2 Bxf2 59. Kxf2 Kg7 60.
Rxe2 0-1

[Event "Mondiale Lampo FIDE 2017"]
[Site "Riyadh"]
[Date "29.12.2017"]
[Round "5.11"]
[White "Yu, Yangyi"]
[Black "Naiditsch, Arkadij"]
[Result "1-0"]
[WhiteTitle "GM"]
[BlackTitle "GM"]
[WhiteElo "2751"]
[BlackElo "2705"]
[WhiteFideId "8603820"]
[BlackFideId "4650891"]
[EventDate "2017.12.29"]

1. d4 Nf6 2. c4 e6 3. Nc3 Bb4 4. Nf3 c5 5. g3 cxd4 6. Nxd4 O-O 7. Bg2 d5 8. cxd5
Nxd5 9. Bd2 Nb6 10. Nc2 Be7 11. Bf4 Qxd1+ 12. Rxd1 Nc6 13. O-O e5 14. Be3 Be6
15. Bxb6 axb6 16. Bd5 Bf5 17. Ne3 Bh3 18. Bg2 Be6 19. Ned5 Bd8 20. a3 f5 21. Nb5
Bf7 22. Nd6 e4 23. Nxf5 Bh5 24. Nd4 Nxd4 25. Rxd4 Bxe2 26. Re1 Bh5 27. Bxe4 Re8
28. Kf1 Rc8 29. Rb4 Bf7 30. Nxb6 Bxb6 31. Rxb6 Bc4+ 32. Kg2 Rxe4 33. Rxe4 Bd5
34. f3 Rc2+ 35. Kh3 Bxe4 36. fxe4 Rc7 37. Kg4 Kf7 38. h4 Ke7 39. h5 Kf7 40. a4
Rc4 41. Rxb7+ Kf6 42. b4 Rxe4+ 43. Kf3 Re1 44. a5 Ra1 45. Rb6+ Kf5 46. a6 Ra3+
47. Kf2 Kg4 48. b5 Ra2+ 49. Ke3 Kxh5 50. Rb7 g5 51. a7 Kg4 52. b6 h5 53. Rb8
Ra3+ 54. Kd4 Kxg3 55. a8=Q 1-0

[Event "Mondiale Lampo FIDE 2017"]
[Site "Riyadh"]
[Date "29.12.2017"]
[Round "5.13"]
[White "Bortnyk, Olexandr"]
[Black "Savchenko, Boris"]
[Result "1-0"]
[WhiteTitle "GM"]
[BlackTitle "GM"]
[WhiteElo "2610"]
[BlackElo "2566"]
[WhiteFideId "14120828"]
[BlackFideId "4147332"]
[EventDate "2017.12.29"]

1. e4 e6 2. d3 d5 3. Nd2 Nf6 4. g3 Nc6 5. Bg2 dxe4 6. dxe4 e5 7. Ngf3 Bc5 8. h3
O-O 9. O-O a5 10. c3 b6 11. Qa4 Qe8 12. Re1 Ba6 13. Qc2 Qe6 14. Nb3 Bd6 15. Bg5
Nd7 16. Rad1 f6 17. Be3 Rfd8 18. Kh2 a4 19. Nc1 Bc4 20. b3 axb3 21. axb3 Ba6 22.
Nh4 Ne7 23. Bf3 Qf7 24. Nf5 Bc5 25. Bh6 g6 26. b4 gxf5 27. bxc5 Nxc5 28. exf5
Bb7 29. Bg4 Kh8 30. Nd3 Nxd3 31. Rxd3 Rxd3 32. Qxd3 Qd5 33. Qxd5 Bxd5 34. Rd1
Kg8 35. c4 Bc6 36. Be3 Kf8 37. h4 h5 38. Bh6+ Kg8 39. Bxh5 Nxf5 40. Bc1 Ra2 41.
Kg1 Nd6 42. Bg6 Kg7 43. h5 Bf3 44. Re1 Nxc4 45. Be8 Nd6 46. h6+ Kh7 47. Bd7 Re2
48. Rd1 Rc2 49. Re1 Bh5 50. g4 Bg6 51. g5 f5 52. Ba3 e4 53. Bc1 b5 54. Bf4 b4
55. Rb1 Rc4 56. Be6 Rd4 57. Be5 Rd2 58. Rxb4 Bf7 59. Bd7 Kg6 60. Rb8 Bd5 61.
Bxd6 cxd6 62. Be8+ Kxg5 63. h7 Rd1+ 64. Kh2 e3 65. fxe3 Kg4 66. Bh5+ Kxh5 67.
h8=Q+ Kg4 68. Rb4+ Be4 69. Qh3+ Kg5 70. Qg3+ Kf6 71. Rxe4 Rd2+ 72. Kg1 fxe4 73.
Qf4+ Ke6 74. Qxe4+ Kd7 75. Kf1 Rb2 76. Qf5+ Kc7 77. Ke1 Rb4 78. Kd2 Rh4 79. Kd3
Rb4 80. e4 Rb1 81. Qf7+ Kc6 82. Qe8+ Kc7 83. Kc4 Rd1 84. Qe7+ Kc6 85. Qa7 Rc1+
86. Kd4 Rd1+ 87. Ke3 Re1+ 88. Kf4 Rf1+ 89. Kg5 Rc1 90. Kf6 Rc5 91. Qa6+ Kd7 92.
Qb7+ Rc7 93. Qb5+ Kd8 94. Ke6 Rh7 95. Qb8# 1-0

[Event "Mondiale Lampo FIDE 2017"]
[Site "Riyadh"]
[Date "29.12.2017"]
[Round "5.14"]
[White "Cheparinov, Ivan"]
[Black "Amonatov, Farrukh"]
[Result "0-1"]
[WhiteTitle "GM"]
[BlackTitle "GM"]
[WhiteElo "2710"]
[BlackElo "2636"]
[WhiteFideId "2905540"]
[BlackFideId "14700077"]
[EventDate "2017.12.29"]

1. d4 Nf6 2. Nf3 g6 3. c4 Bg7 4. g3 O-O 5. Bg2 c5 6. Nc3 d6 7. O-O Bd7 8. dxc5
dxc5 9. Ne5 Qc8 10. Nxd7 Nbxd7 11. Qb3 Rb8 12. Bf4 e5 13. Be3 a6 14. a4 Qc7 15.
Rfd1 h6 16. h3 Rfd8 17. Rac1 b6 18. Rd2 Nf8 19. Nd5 Nxd5 20. cxd5 Qd6 21. Qc4 a5
22. Qb5 Rbc8 23. Rdc2 f5 24. b4 axb4 25. a5 f4 26. Bd2 fxg3 27. fxg3 bxa5 28.
Rxc5 Rxc5 29. Rxc5 e4 30. Kh2 Bd4 31. Rc6 Qxd5 32. Qxd5+ Rxd5 33. Bxe4 Bg1+ 34.
Kxg1 Rxd2 35. Kf2 a4 36. Rc4 Rb2 37. Rc7 a3 38. Bd5+ Kh8 39. Rc8 Kg7 40. Rc7+
Kf6 41. Ra7 Ke5 42. Bf7 Ne6 43. Ra5+ Kf6 44. Be8 a2 45. Ra6 Ke7 46. Bxg6 b3 47.
Ra7+ Kf6 48. Bd3 Rb1 0-1

[Event "Mondiale Lampo FIDE 2017"]
[Site "Riyadh"]
[Date "29.12.2017"]
[Round "5.15"]
[White "Bocharov, Dmitry"]
[Black "Grigoriants, Sergey"]
[Result "0-1"]
[WhiteTitle "GM"]
[BlackTitle "GM"]
[WhiteElo "2583"]
[BlackElo "2561"]
[WhiteFideId "4138716"]
[BlackFideId "4130804"]
[EventDate "2017.12.29"]

1. c4 Nf6 2. Nc3 e5 3. Nf3 Nc6 4. e3 Bb4 5. Nd5 a5 6. Qc2 d6 7. a3 Bc5 8. b3 Ba7
9. Bb2 Nxd5 10. cxd5 Ne7 11. Bc4 O-O 12. O-O Bf5 13. Bd3 Bxd3 14. Qxd3 h6 15.
Rac1 Qd7 16. Qc4 Bb6 17. Rc2 Kh8 18. Ne1 Ng6 19. g3 Rae8 20. Ng2 Ne7 21. f4 exf4
22. Nxf4 Kg8 23. Nh5 f6 24. Nf4 Kh8 25. Kg2 c6 26. dxc6 bxc6 27. Qd3 d5 28. h3
Bc7 29. Nh5 Qd6 30. Qd4 Rf7 31. Qg4 Rb8 32. Bd4 Bb6 33. Bxb6 Rxb6 34. Rc3 c5 35.
Nf4 d4 36. exd4 cxd4 37. Rcf3 f5 38. Qh5 Rf8 39. R1f2 Qc6 40. Kh2 Qd6 41. h4 Rc6
42. Rd3 Rc1 43. Qe2 Ng6 44. Qe6 Qxe6 45. Nxe6 Rf6 46. Nxd4 Ne5 47. Rff3 Nxd3 48.
Rxd3 Rd6 49. Rc3 Rd1 50. Nxf5 R1xd2+ 51. Kh3 R2d3 52. Rc5 R6d5 53. Rc8+ Kh7 54.
Kg4 Re5 55. Rc7 Kg6 56. Rxg7+ Kf6 57. Rg8 h5+ 58. Kf4 Rxf5+ 59. Ke4 Rdd5 60.
Rf8+ Ke6 61. Re8+ Kd7 62. Rh8 Rfe5+ 63. Kf4 Rf5+ 64. Ke4 Rde5+ 65. Kd4 Re6 66.
Ra8 Rc6 67. Rh8 Rb6 68. Rh7+ Ke8 69. Kc4 Rc6+ 70. Kd4 Rd6+ 71. Kc4 Rfd5 72. Ra7
Rd7 73. Ra8+ Kf7 74. Rh8 Kg7 75. Ra8 Rf5 76. b4 axb4 77. axb4 Rc7+ 78. Kd4 Rb5
79. Ra4 Rc6 80. Kd3 Kg6 81. Kd4 Kf6 82. Kd3 Ke5 0-1

[Event "Mondiale Lampo FIDE 2017"]
[Site "Riyadh"]
[Date "29.12.2017"]
[Round "5.17"]
[White "Quparadze, Giga"]
[Black "Ivanchuk, Vassily"]
[Result "1/2-1/2"]
[WhiteTitle "GM"]
[BlackTitle "GM"]
[WhiteElo "2506"]
[BlackElo "2726"]
[WhiteFideId "13602250"]
[BlackFideId "14100010"]
[EventDate "2017.12.29"]

1. e4 d5 2. exd5 Qxd5 3. Nc3 Qa5 4. Nf3 c6 5. d4 Bf5 6. Bc4 e6 7. O-O Nf6 8. h3
Nbd7 9. Nh4 Bg6 10. Nxg6 hxg6 11. Qf3 Qf5 12. Qe2 O-O-O 13. Bd3 Qa5 14. Ne4 Nxe4
15. Bxe4 Nf6 16. c3 Nxe4 17. Qxe4 Qf5 18. Re1 Bd6 19. a4 Bc7 20. a5 Qxe4 21.
Rxe4 e5 22. a6 b5 23. Be3 f5 24. Rxe5 Bxe5 25. dxe5 Rhe8 26. Bxa7 Rxe5 27. Bd4
Re2 28. b4 Re7 29. g3 g5 30. Be3 Rde8 31. Kg2 g4 32. hxg4 fxg4 33. Rh1 Kb8 34.
Rh4 Rxe3 35. fxe3 Rxe3 36. Rxg4 Ka7 37. c4 Kxa6 38. c5 Rb3 39. Rxg7 Rxb4 40. Rc7
Rb2+ 41. Kf3 b4 42. Rxc6+ Kb5 43. Rc8 Rc2 44. g4 b3 45. g5 Rxc5 46. Rb8+ Ka4 47.
Kf4 Rc4+ 48. Ke5 Rb4 49. Ra8+ Kb5 50. Ra1 b2 51. Rb1 Kc4 52. g6 Kc3 53. g7 Rg4
54. Kf6 Kc2 55. Rxb2+ Kxb2 56. Kf7 Rxg7+ 57. Kxg7 1/2-1/2

[Event "Mondiale Lampo FIDE 2017"]
[Site "Riyadh"]
[Date "29.12.2017"]
[Round "5.18"]
[White "Svidler, Peter"]
[Black "Eljanov, Pavel"]
[Result "1/2-1/2"]
[WhiteTitle "GM"]
[BlackTitle "GM"]
[WhiteElo "2765"]
[BlackElo "2711"]
[WhiteFideId "4102142"]
[BlackFideId "14102951"]
[EventDate "2017.12.29"]

1. Nf3 d5 2. c4 c6 3. e3 Nf6 4. Nc3 a6 5. Qc2 e6 6. b3 c5 7. cxd5 exd5 8. d4 Nc6
9. dxc5 Bxc5 10. Bb2 O-O 11. Rd1 Nb4 12. Qb1 g6 13. Bd3 d4 14. Nxd4 Bxd4 15.
exd4 Re8+ 16. Ne2 Nxd3+ 17. Qxd3 Bf5 18. Qd2 Rc8 19. Rc1 Rxc1+ 20. Bxc1 Ne4 21.
Qb2 Bg4 22. Be3 Qa5+ 23. Kf1 Bxe2+ 24. Qxe2 Nc3 25. Qd3 Nd5 26. Qd2 Qb5+ 27. Kg1
f5 28. g3 Qc6 29. h3 Nxe3 30. fxe3 Qf3 31. Qf2 Rxe3 32. Qxf3 Rxf3 33. Kg2 Rd3
34. Rc1 Rxd4 35. Rc8+ Kg7 36. Rc7+ Kh6 37. Rxb7 Rd2+ 38. Kf3 Rxa2 39. h4 a5 40.
Ra7 Ra3 41. Kf4 Rxb3 42. Rxa5 Kh5 43. Ra8 h6 44. Rh8 Ra3 45. Rh7 Rc3 46. Rh8 Ra3
47. Rh7 Ra8 48. Kf3 Ra3+ 49. Kf4 Ra1 50. Rg7 Ra4+ 51. Kf3 Ra3+ 52. Kf4 Ra4+ 53.
Kf3 g5 54. hxg5 hxg5 55. Rh7+ Kg6 56. Rh8 Ra3+ 57. Kg2 Ra7 58. Rg8+ Kf6 59. Rb8
Re7 60. Rb6+ Re6 61. Rb5 Re2+ 62. Kf3 Re5 63. Rb6+ Re6 64. Rb5 g4+ 65. Kf2 Re5
66. Rb4 Kg5 67. Kg2 Re2+ 68. Kg1 Rd2 69. Rf4 Kf6 70. Ra4 Ke5 71. Rf4 Rd4 72. Rf2
Ke4 73. Rf4+ Ke5 74. Rf2 Rd3 75. Kg2 Ke4 76. Rf4+ Ke5 77. Rf2 Rd5 78. Rf4 Rc5
79. Kg1 Rc2 80. Rf1 Rd2 81. Rf4 Rd4 82. Rf2 1/2-1/2

[Event "Mondiale Lampo FIDE 2017"]
[Site "Riyadh"]
[Date "29.12.2017"]
[Round "5.19"]
[White "Christiansen, Johan-Sebastian"]
[Black "Harikrishna, Pentala"]
[Result "0-1"]
[WhiteTitle "IM"]
[BlackTitle "GM"]
[WhiteElo "2495"]
[BlackElo "2744"]
[WhiteFideId "1512668"]
[BlackFideId "5007003"]
[EventDate "2017.12.29"]

1. e4 c5 2. Nf3 e6 3. g3 Nc6 4. Bg2 Nf6 5. d3 d5 6. Qe2 Be7 7. O-O b6 8. Nbd2
Bb7 9. Re1 Qc7 10. Nf1 dxe4 11. dxe4 Nd4 12. Nxd4 cxd4 13. e5 Nd7 14. Bxb7 Qxb7
15. Qg4 h5 16. Qxd4 Nc5 17. h4 Rd8 18. Qe3 g5 19. b4 Na6 20. hxg5 Nxb4 21. Qe4
Qxe4 22. Rxe4 Nxc2 23. Rb1 Rd1 24. Rc4 Nd4 25. Kg2 h4 26. gxh4 Rxh4 27. Ne3 Rdh1
28. Rc8+ Kd7 29. Rc4 R1h2+ 30. Kf1 Bxg5 31. Rbb4 Nf3 32. Rxh4 Rxh4 33. Rxh4 Nxh4
34. Ke2 Kc6 35. Bb2 Bxe3 36. Kxe3 Kd5 37. f4 Nf5+ 38. Kd3 b5 39. Bc3 Ne7 40. Bd4
a5 41. a3 Nc6 42. Bc3 b4 43. axb4 Nxb4+ 44. Ke3 Kc4 45. Bd2 a4 46. Bc1 a3 47.
Kd2 Kb3 0-1

[Event "Mondiale Lampo FIDE 2017"]
[Site "Riyadh"]
[Date "29.12.2017"]
[Round "5.20"]
[White "Salem, A.R. Saleh"]
[Black "Demchenko, Anton"]
[Result "0-1"]
[WhiteTitle "GM"]
[BlackTitle "GM"]
[WhiteElo "2638"]
[BlackElo "2660"]
[WhiteFideId "9301348"]
[BlackFideId "4160258"]
[EventDate "2017.12.29"]

1. d4 Nf6 2. c4 d6 3. Nc3 e5 4. Nf3 Nbd7 5. e4 g6 6. g3 Bg7 7. Bg2 O-O 8. O-O
exd4 9. Nxd4 Re8 10. h3 Nc5 11. Re1 Bd7 12. f3 Nh5 13. g4 Nf6 14. Be3 h5 15. g5
Nh7 16. f4 Nf8 17. Qd2 a6 18. b4 Na4 19. Nd5 c6 20. Nf6+ Bxf6 21. gxf6 Qxf6 22.
Rad1 c5 23. Ne2 Bc6 24. Qc2 Rad8 25. a3 Qb2 26. Qd3 b5 27. Rd2 bxc4 28. Qxc4
Qxa3 29. Bf2 Qxb4 30. Qxb4 cxb4 31. Nd4 Ba8 32. Bh4 Rc8 33. Rb1 a5 34. Ra1 Nc5
35. Rxa5 Nxe4 36. Rb2 Rc4 37. Ne2 Bc6 38. Bf1 Rc5 39. Ra6 Bb5 40. Rb6 Bxe2 41.
Bxe2 Nc3 42. Bf3 Nd5 43. Bxd5 Rxd5 44. R2xb4 Ne6 45. Rb2 Nxf4 46. Kh2 Rd3 47.
Bg3 Ne6 48. Bxd6 Ng5 49. Bg3 Nf3+ 50. Kg2 Ne1+ 51. Kh2 Nf3+ 52. Kg2 h4 53. Bf2
Ne1+ 54. Kf1 Rd1 55. Re2 Nd3+ 56. Be1 Rxe1+ 57. Rxe1 Rxe1+ 58. Kg2 Re3 59. Kh2
Nf4 60. Rb4 Rxh3+ 61. Kg1 Rg3+ 62. Kh2 Rg4 63. Rb6 g5 64. Ra6 Kg7 65. Rb6 Rg2+
66. Kh1 Rg3 67. Kh2 Re3 68. Ra6 Re5 69. Ra4 Kg6 70. Ra7 f6 71. Ra4 Kf5 72. Rb4
g4 73. Rb1 Re2+ 74. Kg1 h3 75. Kh1 g3 76. Kg1 Rg2+ 77. Kh1 Rh2+ 78. Kg1 Ne2+ 0-1

[Event "Mondiale Lampo FIDE 2017"]
[Site "Riyadh"]
[Date "29.12.2017"]
[Round "5.21"]
[White "Short, Nigel D"]
[Black "Andriasian, Zaven"]
[Result "0-1"]
[WhiteTitle "GM"]
[BlackTitle "GM"]
[WhiteElo "2678"]
[BlackElo "2585"]
[WhiteFideId "400025"]
[BlackFideId "13302000"]
[EventDate "2017.12.29"]

1. e4 d6 2. Nc3 Nf6 3. f4 c5 4. Nf3 Nc6 5. Bb5 Bd7 6. a4 a6 7. Bc4 Na5 8. Ba2 e6
9. e5 Ng8 10. O-O Nh6 11. d4 cxd4 12. Nxd4 Nc6 13. Be3 Nxd4 14. Bxd4 Nf5 15. Kh1
d5 16. Bf2 h5 17. Bb3 Rc8 18. Ne2 Bc5 19. Bxc5 Rxc5 20. Qd2 Qa5 21. c3 Qb6 22.
Bc2 Ne7 23. b4 Rc8 24. Nd4 g6 25. b5 axb5 26. axb5 Qc5 27. Rf3 Kf8 28. Rb1 Kg7
29. Qe1 Ng8 30. Qh4 Qe7 31. Qf2 Nh6 32. h3 Ra8 33. Re3 Ra3 34. Rb3 Ra2 35. Re2
Rc8 36. Qe3 Qh4 37. Rd2 Qe7 38. Qg3 Ra1+ 39. Kh2 Rh8 40. Bd3 Ng4+ 0-1

[Event "Mondiale Lampo FIDE 2017"]
[Site "Riyadh"]
[Date "29.12.2017"]
[Round "5.23"]
[White "Kravtsiv, Martyn"]
[Black "Inarkiev, Ernesto"]
[Result "1-0"]
[WhiteTitle "GM"]
[BlackTitle "GM"]
[WhiteElo "2672"]
[BlackElo "2689"]
[WhiteFideId "14113147"]
[BlackFideId "4162722"]
[EventDate "2017.12.29"]

1. e4 c5 2. Nf3 e6 3. d4 cxd4 4. Nxd4 Nc6 5. Nc3 Qc7 6. Be2 Nf6 7. Be3 a6 8. O-O
Be7 9. f4 d6 10. Kh1 O-O 11. Qe1 Nxd4 12. Bxd4 b5 13. Qg3 Bb7 14. a3 Rad8 15.
Rae1 Bc6 16. Bf3 Rfe8 17. b4 g6 18. Qf2 Nd7 19. f5 Ne5 20. fxe6 fxe6 21. Bg4 Bf8
22. Bh3 Qe7 23. Ne2 Bg7 24. Nf4 Bd7 25. Qg3 Rf8 26. c3 Rf7 27. Ne2 Rdf8 28. Rxf7
Qxf7 29. Rd1 Kh8 30. Bg1 Nc4 31. Nd4 Be5 32. Qe1 Qf6 33. Qe2 h5 34. a4 Kg7 35.
axb5 axb5 36. Ra1 Rf7 37. Ra7 Kh6 38. Qe1 g5 39. Rxd7 Rxd7 40. Bxe6 Rd8 41. Nf5+
Kg6 42. Bd5 Bxc3 43. Qe2 Rd7 44. g4 hxg4 45. Qxg4 Ne5 46. Qe2 Rh7 47. Qxb5 Qf8
48. Qa6 Bxb4 49. Qe2 Bc3 50. Qg2 Qf6 51. Be3 g4 52. Bf4 Rh5 53. Qg3 Kh7 54. Qg2
Rh3 55. Bg3 Qg5 56. Qc2 Qd2 57. Qxd2 Bxd2 58. Kg2 Bb4 59. Be6 Kg6 60. Ne7+ Kf6
61. Bxg4 Nxg4 62. Nd5+ Ke6 63. Kxh3 Nf6 64. Nxb4 Nxe4 65. Kg2 d5 66. Nc2 Kf5 67.
Nd4+ Kg4 68. h3+ Kg5 69. Kf3 Kf6 70. Bf4 Kg6 71. Ne2 Kf6 72. Ng3 Nc5 73. h4 Nd3
74. Bg5+ Kg6 75. Ne2 Ne5+ 76. Kf4 Nc6 77. Ng3 d4 78. h5+ Kh7 79. Ke4 Nb4 80.
Kxd4 Nc6+ 81. Ke4 Nb4 82. Nf5 Nc6 83. Nd4 Nb8 84. Kd5 Nd7 85. Ne6 Nb6+ 86. Kd4
Nd7 87. Nf4 Nb6 88. Nd5 Nc8 89. Ke5 Na7 90. Kf5 Nc6 91. Be3 Nd8 92. Kf6 Nc6 93.
Kg5 Ne5 94. Kf5 Nc6 95. h6 Nb8 96. Nf6+ Kh8 97. Kg6 Nc6 98. Ng4 Ne7+ 99. Kg5 Kh7
100. Bd4 Nc6 101. Bc3 Ne7 102. Nf6+ Kh8 103. Ng4+ Kh7 104. Bg7 Kg8 105. Bf6 Nd5
106. Be5 Ne7 107. Bg7 Kf7 108. Bf6 Nd5 109. h7 1-0

[Event "Mondiale Lampo FIDE 2017"]
[Site "Riyadh"]
[Date "29.12.2017"]
[Round "5.24"]
[White "Fedorchuk, Sergey A."]
[Black "Melkumyan, Hrant"]
[Result "0-1"]
[WhiteTitle "GM"]
[BlackTitle "GM"]
[WhiteElo "2648"]
[BlackElo "2633"]
[WhiteFideId "14102536"]
[BlackFideId "13302485"]
[EventDate "2017.12.29"]

1. e4 c6 2. d4 d5 3. e5 Bf5 4. h4 h5 5. Bd3 Bxd3 6. Qxd3 e6 7. Bg5 Qa5+ 8. Nd2
c5 9. dxc5 Bxc5 10. Nf3 Nc6 11. O-O Be7 12. Rfe1 Nh6 13. Bxe7 Nxe7 14. c3 Nhf5
15. Nb3 Qc7 16. Nbd4 a6 17. g3 Rc8 18. Rad1 Qc4 19. Qb1 b5 20. a3 O-O 21. Ng5 g6
22. Qc1 a5 23. Qf4 b4 24. axb4 axb4 25. cxb4 Rb8 26. b5 Nxd4 27. Rxd4 Qxb5 28.
Rd2 Nf5 29. Rc1 Qa5 30. Rdc2 Rb4 31. Qd2 Qb6 32. Kg2 Qb7 33. Rc7 Qb6 34. R1c6
Qd4 35. Qxd4 Nxd4 36. Ra6 Rxb2 37. Rd7 Rbb8 38. Rc7 Rbc8 39. Rd7 Nc6 40. f4 Nb8
41. Raa7 Nxd7 42. Rxd7 Rcd8 43. Rc7 d4 44. Kf2 d3 45. Ke1 d2+ 46. Kd1 Rd4 47.
Nf3 Rd3 48. Ng5 Ra8 0-1